| 000 | 00696nam a2200277Ia 4500 | ||
|---|---|---|---|
| 005 | 20250425162658.0 | ||
| 008 | 250425s9999 xx 000 0 und d | ||
| 041 | _aspa | ||
| 043 | _aalu | ||
| 082 | _a639.8 | ||
| 100 | _aBOYD, O.W. | ||
| 245 | 0 | _aMANEJO DE SUELO Y DE LA CALIDAD DE AGUA EN LA ACUICULTURA DE PISCINAS | |
| 250 | _aS.E | ||
| 260 | _aAUBURN | ||
| 260 |
_aEstados Unidos _bASOCIACION AMERICANA DE SOYA _c1996 |
||
| 300 | _a62 | ||
| 500 | _aENCUADERNADO | ||
| 650 | _aACUACULTURA | ||
| 650 | _aACUACULTURA | ||
| 650 | _aACUACULTURA | ||
| 650 | _aCALIDAD DEL AGUA | ||
| 650 | _aCALIDAD DEL AGUA | ||
| 650 | _aCALIDAD DEL AGUA | ||
| 942 | _c01 | ||
| 010 | _a96172 | ||
| 999 |
_c234185 _d234185 |
||